000 00195 a2200097 4500
020 _a9781401309237
041 _aspa
100 _aMitch Albom
245 _aMartes cin mi viejo profesor
942 _cBK
999 _c8842
_d8842